Cities of Iowa by Population - Statistics

General Stats
  • This quiz has been taken 186 times
  • The average score is 14 of 22
Answer Stats
Population City % Correct
203,433 Des Moines
99%
126,326 Cedar Rapids
95%
67,862 Iowa City
89%
58,965 Ames
81%
99,685 Davenport
80%
82,684 Sioux City
80%
57,637 Dubuque
77%
68,406 Waterloo
77%
56,609 West Des Moines
70%
39,260 Cedar Falls
68%
45,582 Ankeny
64%
62,230 Council Bluffs
61%
28,079 Mason City
59%
33,217 Bettendorf
54%
39,463 Urbandale
52%
25,206 Fort Dodge
49%
25,633 Burlington
48%
25,023 Ottumwa
45%
27,552 Marshalltown
44%
26,885 Clinton
39%
34,768 Marion
38%
22,886 Muscatine
32%
No matching quizzes found
Score Distribution
Percent of People with Each Score
Percentile by Number Answered
Your Score History
You have not taken this quiz